MARC details
| 000 -CABECERA |
| campo de control de longitud fija |
00908cam a2200265 a 4500 |
| 001 - NÚMERO DE CONTROL |
| campo de control |
000015565 |
| 005 - FECHA Y HORA DE LA ÚLTIMA TRANSACCIÓN |
| campo de control |
20240509120303.0 |
| 008 - DATOS DE LONGITUD FIJA--INFORMACIÓN GENERAL |
| campo de control de longitud fija |
840402s1970 ve 001 0 spa |
| 040 ## - FUENTE DE LA CATALOGACIÓN |
| Centro catalogador/agencia de origen |
DO-SdBNP |
| Lengua de catalogación |
spa |
| Centro/agencia transcriptor |
DLC |
| Centro/agencia modificador |
BNPHU |
| 082 ## - NÚMERO DE LA CLASIFICACIÓN DECIMAL DEWEY |
| Número de clasificación |
145 |
| Número de documento/Ítem |
S586p, 1970 |
| 049 ## - FONDOS LOCALES (OCLC) |
| Fondos de biblioteca |
BNGR |
| 100 1# - ENTRADA PRINCIPAL--NOMBRE DE PERSONA |
| Nombre de persona |
Silva, Ludovico. |
| Fechas asociadas al nombre |
1937-1988 |
| Forma completa/desarrollada del nombre |
(Luis José Silva Michelena) |
| 9 (RLIN) |
35120 |
| 245 10 - MENCIÓN DE TÍTULO |
| Título |
La plusvalía ideológica / |
| Mención de responsabilidad, etc. |
Ludovico Silva ; prólogo de Juan Nuño. |
| 250 ## - MENCIÓN DE EDICIÓN |
| Mención de edición |
3a ed. |
| 260 ## - PUBLICACIÓN, DISTRIBUCIÓN, ETC. |
| Lugar de publicación, distribución, etc. |
Caracas, (Venezuela) : |
| Nombre del editor, distribuidor, etc. |
Universidad Central de Venezuela, |
| Fecha de publicación, distribución, etc. |
1970. |
| 300 ## - DESCRIPCIÓN FÍSICA |
| Extensión |
270 p. ; |
| Dimensiones |
16 cm. |
| 490 1# - MENCIÓN DE SERIE |
| Mención de serie |
Avance |
| Designación de volumen o secuencia |
30 |
| 490 1# - MENCIÓN DE SERIE |
| Mención de serie |
Ediciones de la Biblioteca |
| 650 #0 - PUNTO DE ACCESO ADICIONAL DE MATERIA--TÉRMINO DE MATERIA |
| Término de materia o nombre geográfico como elemento de entrada |
Ideología |
| 9 (RLIN) |
9534 |
| 650 #4 - PUNTO DE ACCESO ADICIONAL DE MATERIA--TÉRMINO DE MATERIA |
| Término de materia o nombre geográfico como elemento de entrada |
Filosofía |
| Subdivisión general |
Ensayos, conferencias, etc. |
| 9 (RLIN) |
33791 |
| 650 #4 - PUNTO DE ACCESO ADICIONAL DE MATERIA--TÉRMINO DE MATERIA |
| Término de materia o nombre geográfico como elemento de entrada |
Percepción |
| 9 (RLIN) |
35121 |
| 700 1# - PUNTO DE ACCESO ADICIONAL--NOMBRE DE PERSONA |
| Nombre de persona |
Nuño, Juan |
| Término indicativo de función/relación |
pról. |
| 9 (RLIN) |
35122 |
| 830 #0 - PUNTO DE ACCESO ADICIONAL DE SERIE-TÍTULO UNIFORME |
| Título uniforme |
Avance , |
| Nombre de parte o sección de la obra |
Ediciones de la Biblioteca ; |
| Designación de volumen o secuencia |
30 |
| 9 (RLIN) |
35123 |
| 910 ## - DATOS DE OPCIÓN DEL USUARIO (OCLC) |
| Datos de opción del usuario |
Catalogación derivada |